OH'S INTENSIVE CARE MANUAL (Record no. 8736)

MARC details
000 -LEADER
fixed length control field 00464nam a22001817a 4500
005 - DATE AND TIME OF LATEST TRANSACTION
control field 20250410114341.0
008 - FIXED-LENGTH DATA ELEMENTS--GENERAL INFORMATION
fixed length control field 250410b |||||||| |||| 00| 0 eng d
020 ## - INTERNATIONAL STANDARD BOOK NUMBER
ISBN 978-0-7020-7221-5
041 ## - LANGUAGE CODE
Language code of text/sound track or separate title eng
082 ## - DEWEY DECIMAL CLASSIFICATION NUMBER
Classification number 616.028
100 ## - MAIN ENTRY--AUTHOR NAME
Personal name BERSTEN, ANDREW D AND HANDY, JONATHAN M.
245 ## - TITLE STATEMENT
Title OH'S INTENSIVE CARE MANUAL
250 ## - EDITION STATEMENT
Edition statement 8TH ED. 2019
260 ## - PUBLICATION, DISTRIBUTION, ETC. (IMPRINT)
Place of publication CHINA
Name of publisher ELSEVIER
Year of publication 2019
300 ## - PHYSICAL DESCRIPTION
Number of Pages 1451;P
650 ## - SUBJECT ADDED ENTRY--TOPICAL TERM
Topical Term PHYSIOTHERAPY
942 ## - ADDED ENTRY ELEMENTS (KOHA)
Koha item type Books
Holdings
Lost status Damaged status Collection code Home library Current library Shelving location Date acquired Source of acquisition Serial Enumeration / chronology Full call number Accession Number Koha item type
    Reference JRU Library JRU Library SHELF-8-A 09/04/2025 PURCHASE 8TH ED. 616.028 28641 Books